|
|
|
|
| LEADER |
00000nam a2200000 4500 |
| 001 |
vtls012057275 |
| 003 |
SK-MaSNL |
| 005 |
20260302024557.0 |
| 007 |
co cg auuua |
| 008 |
210607s2020 xo | fqp 000 0 slo |
| 015 |
|
|
|a SNBS2021
|
| 020 |
|
|
|a 9788055336428
|q (elektronická kniha)
|
| 040 |
|
|
|a SNK
|b slo
|c SNK
|e rda
|
| 041 |
0 |
|
|a slo
|
| 044 |
|
|
|a xo
|c SK
|
| 072 |
|
7 |
|a 552
|x Petrológia
|2 konspekt
|
| 072 |
|
7 |
|a 662
|x Výbušniny. Palivá
|2 konspekt
|
| 080 |
|
|
|a 552.574
|2 2011
|
| 080 |
|
|
|a 662.642/.66
|2 2011
|
| 080 |
|
|
|a 662.749.2
|2 2011
|
| 080 |
|
|
|a 620.925
|2 2011
|
| 080 |
|
|
|a (075.8)
|2 2011
|
| 080 |
|
|
|a (0.034.44)
|2 2011
|
| 100 |
1 |
|
|a Džupková, Martina,
|d 1978-
|4 aut
|9 672785
|
| 245 |
1 |
0 |
|a Uhlie, koks a biomasa
|b tradične a ekologicky
|c Martina Džupková, Mária Fröhlichová, Jaroslav Legemza, Róbert Findorák
|
| 250 |
|
|
|a Vydanie: prvé
|
| 264 |
|
1 |
|a Košice
|b Technická univerzita v Košiciach
|c 2020
|
| 300 |
|
|
|a 1 CD-ROM
|b farebný
|c 12 cm
|
| 336 |
|
|
|a text
|b txt
|2 rdacontent
|
| 337 |
|
|
|a počítač
|b c
|2 rdamedia
|
| 338 |
|
|
|a počítačový disk
|b cd
|2 rdacarrier
|
| 347 |
|
|
|a textový súbor
|b PDF
|2 rda
|
| 366 |
|
|
|e 50 kusov
|
| 500 |
|
|
|a Nad názvom Technická univerzita v Košiciach. Fakulta materiálov metalurgie a recyklácie. Ústav metalurgie. Oddelenie hutníctva a zlievarenstva
|
| 504 |
|
|
|a Obsahuje bibliografiu
|
| 536 |
|
|
|a Projekt APVV-16-0513
|
| 650 |
0 |
7 |
|a uhie
|2 SNKPH
|9 672786
|
| 650 |
0 |
7 |
|a koks
|2 SNKPH
|9 31343
|
| 650 |
0 |
7 |
|a biomasa
|2 SNKPH
|9 4197
|
| 650 |
0 |
7 |
|a Coal
|2 SNKPHeng
|9 411283
|
| 650 |
0 |
7 |
|a Coke
|2 SNKPHeng
|9 411284
|
| 650 |
0 |
7 |
|a Biomass
|2 SNKPHeng
|9 315958
|
| 655 |
|
7 |
|a CD-ROM
|2 SNKPH
|9 70236
|
| 655 |
|
7 |
|a učebnice vysokých škôl
|2 SNKPH
|9 70191
|
| 655 |
|
7 |
|a Textbooks (higher)
|2 SNKPHeng
|9 276436
|
| 700 |
1 |
|
|a Fröhlichová, Mária,
|d 1950-
|4 aut
|9 205332
|
| 700 |
1 |
|
|a Legemza, Jaroslav,
|d 1969-
|4 aut
|9 206405
|
| 700 |
1 |
|
|a Findorák, Róbert,
|d 1973-
|4 aut
|9 215585
|
| 710 |
2 |
|
|a Technická univerzita v Košiciach.
|b Fakulta materiálov, metalurgie a recyklácie.
|b Ústav metalurgie.
|b Oddelenie hutníctva a zlievarenstva
|4 pbl
|9 566954
|
| 919 |
|
|
|a 978-80-553-3642-8
|
| 958 |
|
|
|a NB
|
| 999 |
|
|
|c 1041007
|d 1042937
|
| 952 |
|
|
|a SNK
|b SNK
|y PREZ
|7 0
|p 17A1453792
|o snkSCDM 11820
|i snk2021/6377
|8 0
|0 0
|1 0
|4 0
|d 2021-06-07
|l 0
|r 2026-02-24 14:23:25
|w 2026-02-24
|